Energy : The international journal

Gorde:
Xehetasun bibliografikoak
Formatua: Liburua
Hizkuntza:Undetermined
Argitaratua: Oxford Pergamon Press 1983
Gaiak:
Etiketak: Etiketa erantsi
Etiketarik gabe, Izan zaitez lehena erregistro honi etiketa jartzen!
Thư viện lưu trữ: Trung tâm Học liệu Trường Đại học Cần Thơ
LEADER 00429nam a2200169Ia 4500
001 CTU_98874
008 210402s9999 xx 000 0 und d
082 |a 333.79 
082 |b E56 
245 0 |a Energy : 
245 4 |b The international journal 
260 |a Oxford 
260 |b Pergamon Press 
260 |c 1983 
650 |a Energy,Power resources 
904 |i Truc 
980 |a Trung tâm Học liệu Trường Đại học Cần Thơ